00310 a2200097 4500001000900000005001700009008004100026245004300067100002600110773007600136ART_961720260410161837.0260409a 10aEnfoque sistémico de la contabilidad1 aHerrscher, Enrique G.0 tContabilidad y administracióng- Año 5, Nº 54 (dic. 1981)wREV5485